| 000 -LEADER |
| fixed length control field |
00778cam a2200241 a 4500 |
| 001 - CONTROL NUMBER |
| control field |
2540282 |
| 005 - DATE AND TIME OF LATEST TRANSACTION |
| control field |
20180308034630.0 |
| 008 - FIXED-LENGTH DATA ELEMENTS--GENERAL INFORMATION |
| fixed length control field |
940210s1994 mdua b 001 0 eng c |
| 010 ## - LIBRARY OF CONGRESS CONTROL NUMBER |
| LC control number |
94006101 |
| 020 ## - INTERNATIONAL STANDARD BOOK NUMBER |
| International Standard Book Number |
0683078992 |
| 040 ## - CATALOGING SOURCE |
| Original cataloging agency |
DNLM/DLC |
| Transcribing agency |
DLC |
| Modifying agency |
DLC |
| 041 ## - LANGUAGE CODE |
| Language code of text/sound track or separate title |
eng |
| 060 10 - NATIONAL LIBRARY OF MEDICINE CALL NUMBER |
| Classification number |
WP 145 P895 1994 |
| 080 ## - UNIVERSAL DECIMAL CLASSIFICATION NUMBER |
| Universal Decimal Classification number |
616.99465 BER |
| 082 00 - DEWEY DECIMAL CLASSIFICATION NUMBER |
| Classification number |
616.99465 BER |
| Edition number |
20 |
| 100 ## - Rafti |
| Rafti |
10 |
| 101 ## - Shkurtesa |
| Shkurtesa |
GJIN |
| 245 00 - TITLE STATEMENT |
| Title |
Practical gynecologic oncology / |
| Statement of responsibility, etc |
[edited by] Jonathan S. Berek, Neville F. Hacker. |
| 504 ## - BIBLIOGRAPHY, ETC. NOTE |
| Bibliography, etc |
Includes bibliographical references and index. |
| 906 ## - LOCAL DATA ELEMENT F, LDF (RLIN) |
| a |
7 |
| b |
cbc |
| c |
orignew |
| d |
1 |
| e |
ocip |
| f |
19 |
| g |
y-gencatlg |
| 942 ## - ADDED ENTRY ELEMENTS (KOHA) |
| Source of classification or shelving scheme |
|
| Item type |
Books |